[Event "Olomouc Chess Summer 2016-Open seniorù"]
[Site "Olomouc"]
[Date "2016.08.19"]
[Round "8.3"]
[White "Pokora, Lubomir"]
[Black "Prachar, Josef"]
[Result "1-0"]
[WhiteElo "1873"]
[BlackElo "1954"]
[PlyCount "69"]
[EventDate "2016.08.13"]

1. e4 c5 2. Nf3 Nc6 3. Bb5 g6 4. Bxc6 bxc6 5. d3 Bg7 6. O-O d6 7. h3 Qb6 8. c3
f6 9. Qc2 Nh6 10. Be3 Nf7 11. b4 f5 12. Nbd2 Ba6 13. Rab1 Qb5 14. c4 Qb7 15.
bxc5 Qc8 16. cxd6 exd6 17. Rfe1 O-O 18. exf5 gxf5 19. Bf4 c5 20. Qa4 Bb7 21.
Qa5 Ne5 22. Nxe5 dxe5 23. Bxe5 Bh6 24. Nb3 Qc6 25. f3 Qg6 26. Kh1 f4 27. Nxc5
Bc8 28. Ne4 Qh5 29. Qd5+ Qf7 30. Nf6+ Kg7 31. Nd7+ Kg8 32. Nxf8 Qxd5 33. cxd5
Kxf8 34. Rb8 Rxb8 35. Bxb8 1-0

[Event "Olomouc Chess Summer 2016-Open seniorù"]
[Site "Olomouc"]
[Date "2016.08.19"]
[Round "8.4"]
[White "Lacha, Jan"]
[Black "Young, Mel J"]
[Result "1/2-1/2"]
[WhiteElo "1800"]
[BlackElo "1900"]
[PlyCount "23"]
[EventDate "2016.08.13"]

1. e4 c5 2. Nc3 d6 3. g3 Nc6 4. Bg2 Nf6 5. d3 e6 6. Nge2 Be7 7. O-O O-O 8. h3
Rb8 9. f4 Bd7 10. g4 h5 11. Ng3 Ne8 12. Be3 1/2-1/2

[Event "Olomouc Chess Summer 2016-Open seniorù"]
[Site "Olomouc"]
[Date "2016.08.19"]
[Round "8.5"]
[White "Lemsom, Nico"]
[Black "Fiala, Jiri"]
[Result "1/2-1/2"]
[WhiteElo "1837"]
[BlackElo "1893"]
[PlyCount "32"]
[EventDate "2016.08.13"]

1. e4 c5 2. Nf3 e6 3. d4 cxd4 4. Nxd4 a6 5. Bd3 Qc7 6. O-O Nf6 7. Nc3 Nc6 8.
Nxc6 bxc6 9. Re1 Bd6 10. h3 Be5 11. Bd2 Rb8 12. Rb1 Bd4 13. Qe2 e5 14. Kh1 O-O
15. f4 d6 16. Rf1 a5 1/2-1/2